Offshore pipelines : design, installation, and maintenance
Αποθηκεύτηκε σε:
| Κύριοι συγγραφείς: | , , , |
|---|---|
| Μορφή: | Βιβλίο |
| Γλώσσα: | English |
| Δημοσίευση: |
Amsterdam :
Gulf Professional,
2014.
|
| Έκδοση: | 2η έκδ. |
| Θέματα: | |
| Ετικέτες: |
Προσθήκη ετικέτας
Δεν υπάρχουν, Καταχωρήστε ετικέτα πρώτοι!
|
MARC
| LEADER | 00000nam a2200000 a 4500 | ||
|---|---|---|---|
| 001 | 1/107424 | ||
| 008 | 150715s2014####ne a ||| |||| ||eng|| | ||
| 020 | |a 9780123979490 | ||
| 040 | |a GR-MyUa |b gre |c GR-MyUa |e AACR2 | ||
| 041 | 0 | |a eng | |
| 082 | 7 | |a 665.544 |2 (23) | |
| 100 | 1 | |a Guo, Boyun. | |
| 245 | 1 | 0 | |a Offshore pipelines : |b design, installation, and maintenance / |c Boyun Guo ... [κ. α.] |
| 250 | |a 2η έκδ. | ||
| 260 | |a Amsterdam : |b Gulf Professional, |c 2014. | ||
| 300 | |a xiv, 384 σ. ; |c 25 εκ. | ||
| 504 | |a Περιλαμβάνει βιβλιογραφία και ευρετήριο. | ||
| 650 | 0 | |a Petroleum pipelines |x Design and construction. | |
| 650 | 0 | |a Gas pipelines |x Design and construction. | |
| 650 | 0 | |a Offshore structures. | |
| 650 | 0 | |a Underwater pipelines. | |
| 700 | 1 | |a Song, Shanhong, |d 1963- |e aut | |
| 700 | 1 | |a Ghalambor, Ali, |e aut | |
| 700 | 1 | |a Lin, Tian Ran, |e aut | |
| 852 | |a INST |b LESVOS |c BK |e 20150715 |h 665.544 OFF |p 005100057054 |q 005100057054 |t BK |y 0 | ||
| 922 | |a 1ΕΛΗ |b 2015-04 |c Τμήμα Επιστημών της Θάλασσας |d Διαδρομές | ||
| 970 | |a Τζαφέρη |b Ευαγγελία |z 15-07-2015 | ||